000 01061nam0a22002411 4500
001 rc\633948
005 20260406215037.0
035 _a(NLR Aleph) 005875903
090 _a6027400
_c6027400
100 _a20031121d1986 |||y0rusy50 ca
101 0 _arus
102 _aRU
105 _ay |||||||||
200 1 _aМЕТОДИЧЕСКИЕ рекомендации по применению биологических препаратов
_fВост.-Казахст. обл. отд-ние Каз. о-ва охраны природы, Обл. станция защиты растений
_gСост. Кузнецова В.Д.
210 _aУсть-Каменогорск
_cБ. и.
_d1986
215 _a6 с.
_d20
702 1 _aКузнецова
_bВ.Д.
_4220
712 0 2 _aКазахское о-во охраны природы
_cАлма-Ата
_bВосточно-Казахстанское обл. отделение
_3RU\NLR\AUTH\889973036
_9442520
801 0 _aRU
_bNLR
_gpsbo
801 1 _aRU
_bELAR
_2rusmarc
852 _aNLR
_j87-4/18970
942 _cBOOK
980 _aNB